| 000 | 00993nam a22003017a 4500 | ||
|---|---|---|---|
| 003 | CHAP | ||
| 005 | 20220329140837.0 | ||
| 008 | 971013s1972 r 00010 d | ||
| 010 | _a58484 | ||
| 011 | _a59456 | ||
| 035 | _a63614 | ||
| 040 | _cCHAP | ||
| 082 |
_a371.3 _bS8 |
||
| 100 | 0 | 0 |
_aSuppes, Patrick. _9110757 |
| 245 |
_aComputer-assisted instruction at Stanford, 1966-68 _b: data models, and evaluation of the arithmetic programs |
||
| 260 |
_aNew York : _bAcademic Press, _c1972 |
||
| 300 | _a533 p. | ||
| 590 |
_aBATCH-UPD _b10 _c20130110 _lUCH01 _h0825 |
||
| 590 |
_aBATCH-UPD _b10 _c20130410 _lUCH01 _h0503 |
||
| 590 |
_aBATCH-UPD _b10 _c20130914 _lUCH01 _h1649 |
||
| 590 |
_aCONVERSION _b10 _c20130109 _lUCH01 _h1331 |
||
| 650 | 1 | 4 |
_aInstrucción programada. _959481 |
| 650 | 1 | 4 |
_aMatemáticas _xEstudio y enseñanza. _972904 |
| 700 | 0 |
_aMorningstar, Mona. _978841 |
|
| 901 | _aBK | ||
| 942 | _cLIBRO | ||
| 949 |
_a371.3 S8 _bBC _cLIBRO _d33724000143053 _eLIBRO _h41722 _i63614 _si _t190.00 |
||
| 999 |
_c58484 _d58484 |
||